| 000 | 00800cab a2200253 4500 | ||
|---|---|---|---|
| 001 | WB3508-21 | ||
| 008 | 090401t1999 xxu||||| |||| 00| 0 eng d | ||
| 035 | _a(Sirsi) u91602 | ||
| 041 | _aeng | ||
| 245 | _aLet us build for ever | ||
| 260 | _c1999 | ||
| 350 | _a0 | ||
| 490 |
_aIndependent Wednesday Review _v24 February 1999, 4(1) |
||
| 520 | _aAn extract from Prince Charles`s speech given at a Housing Corporation conference and exhibition in Brighton. Discusses the housing development programme, and calls for higher standards in house building. | ||
| 650 | _aBRIGHTON | ||
| 650 | _aHOUSING CORPORATION | ||
| 650 | _aHOUSING PROJECTS | ||
| 650 | _aPOUNDBURY | ||
| 650 | _aPRINCE CHARLES | ||
| 650 | _aPRINCE OF WALES | ||
| 690 | _aHOUSING | ||
| 942 | _n0 | ||
| 948 | _c25/02/1999 | ||
| 999 |
_c58165 _d58165 |
||